000 00853nam a2200229 a 4500
001 41180
003 BD-RjUL
005 20211209053337.0
008 160516s1963 bg ||||| |||| 00| 0 ben d
020 _c: PRs 40.00
035 _a(BD-RjUL)41296
040 _aBD-RjUL
_bben
_cBD-RjUL
041 _aben
082 _223
_a297
_bBOD 1963
100 _aবখতেয়ার, মোহাম্মদ আখতার হোসেন
_9126678
245 1 0 _aদজ্জাল ও মেহদী /
_cমোহাম্মদ আখতার হোসেন বখতেয়ার
260 _aকুমিল্লা :
_bমালেক এন্ড ব্রাদার্স,
_c১৯৬৩
300 _a১৯০ পৃ. ;
_c২১ সেমি.
650 _aইসলাম
_9126679
650 _aIslam
_9126680
942 _2ddc
_cBK
999 _c41180
_d41180